| 000 | 01041nam a2200265 a 4500 | ||
|---|---|---|---|
| 001 | BRCA_7885 | ||
| 005 | 20190320210035.0 | ||
| 008 | 271213s2012----mx-a######---#000-0#spa-# | ||
| 020 | _a9786078257102 | ||
| 041 | _aspa | ||
| 044 | _amx | ||
| 050 | 4 |
_aNK844 _b.A28 2012 |
|
| 100 | 1 |
_aAcuña Castrellón, Patricia Eugenia _919504 |
|
| 245 | 1 | 0 |
_aEl maque o laca mexicana _bla preservación de una tradición centenaria _cPatricia Eugenia Acuña Castrellón. |
| 260 |
_aMéxico _bEl Colegio de Michoacán : Fideicomiso ´Felipe Teixidor y Monserrat Alfau de Teixidor´ _c2012 |
||
| 300 |
_a204 p. _bil. (algunas a color) _c27 cm. |
||
| 440 | 0 |
_aColección Cuadernos Ladipa _919505 |
|
| 500 | _aIncluye índice de imágenes, índice analítico, índice onomástico y toponímico | ||
| 500 | _aIncluye piezas de la colección Franz Mayer: p. 93, 105 y 106 | ||
| 504 | _aBibliografía: p. 185-188 | ||
| 650 | 1 | 4 |
_aLacas y laqueado _919506 |
| 650 | 1 | 4 |
_aArtesanías _zMéxico _93976 |
| 650 | 1 | 4 |
_aManufacturas _zMéxico _919507 |
| 942 |
_2lcc _cB |
||
| 999 |
_c7559 _d7559 |
||